000 00307 a2200157 4500
001 161052
020 _a
040 _cMagnum
100 _a-
240 1 0 _aO gato de botas/loyola
_lpor
245 1 0 _aO gato de botas/loyola
362 0 _a1899
440 1 _aLoyola
697 _aIJ/CONTOS
942 _cBK
999 _c161052
_d161052